Global Development Finance (Record no. 5279)

MARC details
005 - DATE AND TIME OF LATEST TRANSACTION
control field 20250626100807.0
020 ## - INTERNATIONAL STANDARD BOOK NUMBER
International Standard Book Number 978082135997
082 ## - DEWEY DECIMAL CLASSIFICATION NUMBER
Classification number 332.042 W0R
111 ## - MAIN ENTRY--MEETING NAME
Meeting name or jurisdiction name as entry element The World Bank
245 ## - TITLE STATEMENT
Title Global Development Finance
260 ## - PUBLICATION, DISTRIBUTION, ETC.
Place of publication, distribution, etc. New York,
Name of publisher, distributor, etc. The World Bank,
Date of publication, distribution, etc. 2006.
300 ## - PHYSICAL DESCRIPTION
Extent xiii,165p.; figure, table
Dimensions 28cm
942 ## - ADDED ENTRY ELEMENTS (KOHA)
Source of classification or shelving scheme Dewey Decimal Classification
Koha item type Books
Holdings
Date last seen Total checkouts Full call number Barcode Cost, replacement price Price effective from Koha item type Lost status Source of classification or shelving scheme Damaged status Not for loan Withdrawn status Home library Current library Shelving location Date acquired Cost, normal purchase price
06/26/2025   332.042 WOR DOM000766 165000.00 06/26/2025 Books   Dewey Decimal Classification       CBE Dodoma CBE Dodoma General Collection 02/17/2008 55000.00
06/26/2025   332.042 WOR DOM000737 165000.00 06/26/2025 Books   Dewey Decimal Classification       CBE Dodoma CBE Dodoma General Collection 02/17/2008 55000.00
06/26/2025   332.042 WOR DOM000739 165000.00 06/26/2025 Books   Dewey Decimal Classification       CBE Dodoma CBE Dodoma General Collection 02/17/2008 55000.00
06/26/2025   332.042 WOR DOM000744 165000.00 06/26/2025 Books   Dewey Decimal Classification       CBE Dodoma CBE Dodoma General Collection 02/17/2008 55000.00
06/26/2025   332.042 WOR DOM000593 165000.00 06/26/2025 Books   Dewey Decimal Classification       CBE Dodoma CBE Dodoma General Collection 02/17/2008 55000.00